[Event "GCT 2023 Saint Louis - Blitz"]
[Site "Saint Louis"]
[Date "18.11.2023"]
[Round "14B"]
[White "Sevian, Samuel"]
[Black "Firouzja, Alireza"]
[Result "1/2-1/2"]
[WhiteElo "2581"]
[BlackElo "2742"]
[EventDate "2023.11.17"]

1. e4 c5 2. Nf3 Nc6 3. d4 cxd4 4. Nxd4 e6 5. Nc3 a6 6. a3 d6 7. Be2 Nf6 8.
O-O Be7 9. Be3 O-O 10. f4 e5 11. fxe5 dxe5 12. Nf5 Bxf5 13. Rxf5 Qc7 14.
Nd5 Nxd5 15. exd5 Nd4 16. Bxd4 exd4 17. Bd3 g6 18. Rf1 Bd6 19. g3 Rae8 20.
Qg4 Re5 21. Rae1 Rxd5 22. Re2 Re5 23. Rxe5 Bxe5 24. Re1 Kg7 25. Kg2 Re8 26.
Qf3 h5 27. Qd5 Re6 28. Re4 Re7 29. a4 f5 30. Re2 Bf6 31. Rxe7+ Qxe7 32. a5
h4 33. Qf3 hxg3 34. hxg3 Be5 35. g4 fxg4 36. Qxg4 Qf7 37. Qf3 Qxf3+ 38.
Kxf3 Bc7 39. Be4 Bxa5 40. Bxb7 Kf6 41. Bxa6 Ke5 42. Bd3 g5 43. Kg4 Bd2 44.
b4 Bxb4 45. Kxg5 Ba5 46. Kg4 Bb4 47. Kf3 Ba5 48. Kg4 Bb4 49. Kf3 Ba5 50.
Kg4 1/2-1/2

[Event "GCT 2023 Saint Louis - Blitz"]
[Site "Saint Louis"]
[Date "18.11.2023"]
[Round "14B"]
[White "Vachier-Lagrave, Maxime"]
[Black "Robson, Ray"]
[Result "1/2-1/2"]
[WhiteElo "2771"]
[BlackElo "2596"]
[EventDate "2023.11.17"]

1. e4 c5 2. Nf3 d6 3. d4 cxd4 4. Nxd4 Nf6 5. Nc3 a6 6. Bd3 e5 7. Nde2 Be7
8. O-O O-O 9. Ng3 Be6 10. Nd5 Nxd5 11. exd5 Bc8 12. f4 Nd7 13. f5 Bg5 14.
Bxg5 Qxg5 15. Ne4 Qe7 16. f6 Nxf6 17. Nxf6+ gxf6 18. Bxh7+ Kg7 19. Bf5 Bxf5
20. Rxf5 Rh8 21. Qg4+ Kf8 22. Raf1 Rh6 23. Rh5 Rxh5 24. Qxh5 Ke8 25. Qh8+
Qf8 26. Qxf6 Rc8 27. Qf5 Rc5 28. c3 Qg7 29. h4 Qg6 30. Qxg6 fxg6 31. Rf6
Rxd5 32. Rxg6 Kf7 33. h5 e4 34. Kf2 Rd2+ 35. Ke3 Rxb2 36. Kxe4 Re2+ 37. Kf3
Rxa2 38. Rxd6 Ra3 39. g4 Rxc3+ 40. Kf4 Rc4+ 41. Kg5 Rc5+ 42. Kh6 Ke7 43.
Rb6 Rb5 44. Rg6 a5 45. Kg7 a4 46. h6 a3 47. h7 a2 48. h8=Q a1=Q+ 49. Kh7
Qxh8+ 50. Kxh8 Rb1 51. Kg7 b5 52. Rg5 b4 53. Rb5 b3 54. g5 Kd6 55. g6 Kc6
56. Rb8 Kc5 57. Kf6 Rf1+ 58. Ke5 Rg1 59. Rxb3 Rxg6 60. Rf3 Rg5+ 61. Rf5
Rxf5+ 62. Kxf5 1/2-1/2

[Event "GCT 2023 Saint Louis - Blitz"]
[Site "Saint Louis"]
[Date "18.11.2023"]
[Round "14B"]
[White "Xiong, Jeffery"]
[Black "Le, Quang Liem"]
[Result "0-1"]
[WhiteElo "2727"]
[BlackElo "2652"]
[EventDate "2023.11.17"]

1. c4 e6 2. Nc3 d5 3. d4 Nf6 4. Nf3 Nbd7 5. Bg5 Be7 6. e3 O-O 7. cxd5 Nxd5
8. Bxe7 Qxe7 9. Bd3 Nxc3 10. bxc3 c5 11. O-O b6 12. a4 Bb7 13. a5 h6 14.
Qe2 Rfc8 15. Rfb1 Qd8 16. e4 cxd4 17. cxd4 Nf6 18. h3 Bc6 19. axb6 axb6 20.
Qe3 Rxa1 21. Rxa1 b5 22. Rb1 Rb8 23. d5 exd5 24. Nd4 Bd7 25. e5 Ne4 26.
Bxb5 Bxb5 27. Rxb5 Rxb5 28. Nxb5 Qb8 29. Nd4 Qxe5 30. Nf3 Qa1+ 31. Qe1
Qxe1+ 32. Nxe1 Kf8 33. Kf1 Ke7 34. Ke2 Kd6 35. Ke3 Nc5 36. Nf3 Ne6 37. g3
Kc5 38. Kd3 Ng5 39. Ng1 Ne4 40. Ke3 Kc4 41. Ne2 Nd6 42. Nd4 g6 43. g4 Nb5
44. Nc6 d4+ 45. Kd2 Kd5 46. Ne7+ Ke4 47. Ng8 Nd6 48. Nxh6 Nc4+ 49. Ke1 Ne5
50. Ng8 Kf3 51. Nh6 Ke4 52. Ng8 Nd3+ 53. Kf1 Kf3 54. Nh6 Nxf2 55. Nxf7 Nxh3
56. Ne5+ Ke4 57. Nxg6 d3 58. g5 Nxg5 59. Ke1 Nf3+ 60. Kd1 Nd4 61. Kd2 Nb3+
62. Kd1 Na5 63. Ne7 Nc4 64. Ke1 Kd4 65. Nf5+ Kc3 0-1

[Event "GCT 2023 Saint Louis - Blitz"]
[Site "Saint Louis"]
[Date "18.11.2023"]
[Round "15B"]
[White "Giri, Anish"]
[Black "Sevian, Samuel"]
[Result "0-1"]
[WhiteElo "2697"]
[BlackElo "2581"]
[EventDate "2023.11.17"]

1. d4 Nf6 2. c4 e6 3. Nf3 d5 4. Nc3 c6 5. Bg5 dxc4 6. e4 b5 7. e5 h6 8. Bh4
g5 9. Nxg5 hxg5 10. Bxg5 Be7 11. exf6 Bxf6 12. Bxf6 Qxf6 13. Qd2 Bb7 14. a4
Rh4 15. axb5 Rxd4 16. Qe3 c5 17. Be2 Nd7 18. O-O Nb6 19. f4 Nd5 20. Nxd5
Bxd5 21. Rf2 Re4 22. Qd2 Kf8 23. g3 Rb8 24. Bf3 Rd4 25. Qa5 Bxf3 26. Rxf3
Rd7 27. Rf2 Qd4 28. Kg2 Qe4+ 29. Kg1 Qd4 30. Kg2 Rdb7 31. Qc3 Rxb5 32. Ra2
Rb3 33. Qxd4 cxd4 34. Kh3 d3 35. Kg4 a5 36. Ra4 R8b4 37. Ra2 a4 38. Rd2 a3
39. bxa3 Ra4 40. Kf3 c3 41. Rxd3 c2 42. Rxb3 c1=Q 43. Re3 Qh1+ 44. Rg2 Rc4
45. Re2 Rc3+ 46. Kg4 Rxa3 47. Kh3 Kg7 48. Rgf2 Ra8 49. g4 Qg1 50. Rg2 Qf1
51. Rf2 Ra3+ 52. Kh4 Qe1 53. f5 Rf3 0-1

[Event "GCT 2023 Saint Louis - Blitz"]
[Site "Saint Louis"]
[Date "18.11.2023"]
[Round "15B"]
[White "Nepomniachtchi, Ian"]
[Black "Le, Quang Liem"]
[Result "1/2-1/2"]
[WhiteElo "2789"]
[BlackElo "2652"]
[EventDate "2023.11.17"]

1. c4 e6 2. d4 d5 3. Nc3 Nf6 4. cxd5 exd5 5. Bg5 Bb4 6. e3 h6 7. Bh4 g5 8.
Bg3 h5 9. h3 Ne4 10. Ne2 Nxg3 11. Nxg3 h4 12. Nh5 c6 13. Bd3 Qe7 14. Ng7+
Kf8 15. Nf5 Bxf5 16. Bxf5 Nd7 17. O-O Nf6 18. Qb3 Re8 19. Rae1 Rg8 20. a3
Ba5 21. Re2 g4 22. hxg4 Nxg4 23. e4 Qg5 24. f4 Qf6 25. Qxb7 Qxd4+ 26. Kh1
Ne3 27. Rxe3 Qxe3 28. Qxc6 Bxc3 29. bxc3 Qg3 30. Qd6+ Re7 31. Qd8+ Re8 32.
Qd6+ Re7 33. Bh3 Qd3 34. Qh6+ Ke8 35. Qc6+ Kf8 36. Qh6+ Ke8 37. Rf3 Qd1+
38. Kh2 dxe4 39. Qc6+ Kf8 40. Qh6+ Ke8 41. Qc6+ Kf8 42. Qh6+ Ke8 1/2-1/2

[Event "GCT 2023 Saint Louis - Blitz"]
[Site "Saint Louis"]
[Date "18.11.2023"]
[Round "15B"]
[White "Firouzja, Alireza"]
[Black "Caruana, Fabiano"]
[Result "0-1"]
[WhiteElo "2742"]
[BlackElo "2765"]
[EventDate "2023.11.17"]

1. e4 e5 2. Nf3 Nc6 3. Bc4 Nf6 4. d3 Be7 5. O-O O-O 6. Re1 d6 7. a3 Be6 8.
Nc3 Bxc4 9. dxc4 h6 10. b4 Nb8 11. h3 Nbd7 12. Be3 Re8 13. Qd3 Bf8 14. Nd2
c6 15. Nf1 a5 16. Ng3 g6 17. Na4 axb4 18. axb4 Qc7 19. Nc3 Kh7 20. Nf1 Nh5
21. g3 Ng7 22. Nd2 Ne6 23. Nb3 h5 24. h4 Nf6 25. f3 Bh6 26. Bxh6 Kxh6 27.
Qe3+ Kg7 28. Kg2 Red8 29. Rxa8 Rxa8 30. Rd1 Qe7 31. Rd2 Ra3 32. Qd3 Ne8 33.
Nb1 Ra4 34. c3 g5 35. hxg5 Qxg5 36. Kf1 Qxg3 37. Qe3 Nf4 38. Qg1 h4 39. Rh2
Kf6 40. Qf2 Kg5 41. c5 dxc5 42. Qd2 Qxf3+ 43. Kg1 Nf6 44. Qc2 Ng4 0-1

[Event "GCT 2023 Saint Louis - Blitz"]
[Site "Saint Louis"]
[Date "18.11.2023"]
[Round "15B"]
[White "Vachier-Lagrave, Maxime"]
[Black "Xiong, Jeffery"]
[Result "1/2-1/2"]
[WhiteElo "2771"]
[BlackElo "2727"]
[EventDate "2023.11.17"]

1. e4 e6 2. d4 d5 3. Nc3 Nf6 4. Bg5 dxe4 5. Nxe4 Be7 6. Nxf6+ Bxf6 7. Bxf6
Qxf6 8. Nf3 O-O 9. Qd3 Nc6 10. O-O-O e5 11. d5 Ne7 12. Qc3 Bg4 13. Be2 c6
14. dxc6 Nxc6 15. Qe3 Rac8 16. Kb1 Rfe8 17. Bd3 h6 18. Be4 Bf5 19. Rhe1
Rcd8 20. a3 Bxe4 21. Qxe4 Qe6 22. g4 f6 23. h3 Rxd1+ 24. Rxd1 Rd8 25. Rxd8+
Nxd8 26. Nh4 Qc6 27. Qd3 Ne6 28. Nf5 Kf7 29. Qb3 b6 30. Ka2 a5 31. a4 g6
32. Ne3 Kg7 33. Qc4 Qd6 34. Qd5 Qe7 35. Qc6 Nf4 36. Qxb6 Nxh3 37. Qxa5 Nxf2
38. Qb6 Qf7+ 39. Kb1 f5 40. gxf5 gxf5 41. Qd6 Ng4 42. Nxg4 fxg4 43. Qxe5+
Kg6 44. a5 Qf1+ 45. Ka2 Qc4+ 46. Ka3 Qxc2 47. Qd6+ Kg5 48. a6 Qb1 49. Qd5+
Kh4 50. a7 Qa1+ 51. Qa2 Qh1 52. b4 Qa8 53. Qh2+ Kg5 54. Qb8 Qf3+ 55. Ka4
Qd1+ 56. Ka5 Qa1+ 57. Kb5 Qf1+ 58. Kb6 Qf2+ 59. Kc6 Qf3+ 60. Kc5 Qc3+ 61.
Kd5 Qd3+ 62. Ke6 Qf5+ 63. Ke7 Qe4+ 64. Kd7 Qf5+ 65. Kc7 Qe5+ 66. Kb6 Qe3+
67. Ka6 Qa3+ 68. Kb5 Qd3+ 69. Ka4 Qa6+ 70. Kb3 Qd3+ 71. Kb2 Qd2+ 72. Kb3
Qd3+ 73. Kb2 Qd2+ 74. Kb3 Qd3+ 1/2-1/2

[Event "GCT 2023 Saint Louis - Blitz"]
[Site "Saint Louis"]
[Date "18.11.2023"]
[Round "15B"]
[White "Robson, Ray"]
[Black "So, Wesley"]
[Result "1/2-1/2"]
[WhiteElo "2596"]
[BlackElo "2753"]
[EventDate "2023.11.17"]

1. c4 e5 2. g3 Nf6 3. Bg2 d5 4. cxd5 Nxd5 5. Nf3 Nc6 6. O-O Nf6 7. d3 h6 8.
Nbd2 Bd6 9. b3 O-O 10. Bb2 Re8 11. Rc1 Bf5 12. e4 Bg4 13. h3 Bxf3 14. Nxf3
Qe7 15. d4 exd4 16. Nxd4 Nxd4 17. Qxd4 c6 18. f4 Rad8 19. e5 Ba3 20. Bxa3
Qxa3 21. Qc5 Qxc5+ 22. Rxc5 Nd7 23. Rc2 f6 24. exf6 Nxf6 25. Kf2 Rd3 26. g4
h5 27. g5 Ne4+ 28. Kg1 Nd6 29. Rf3 Rd1+ 30. Rf1 Rd4 31. f5 Nf7 32. g6 Nd6
33. f6 gxf6 34. Rxf6 Kg7 35. Rcf2 a5 36. Kh2 Re7 37. Bh1 Re8 38. Bg2 Re7
39. Bh1 Re2 40. Rxe2 Kxf6 41. Rg2 Nf5 42. Re2 Nd6 43. Rg2 Nf5 44. Re2 Kxg6
45. Bf3 h4 46. Bg4 Ng3 47. Re7 Rd2+ 48. Kg1 b5 49. a4 bxa4 50. bxa4 c5 51.
Ra7 c4 52. Rc7 Rd4 53. Rc5 Kf6 54. Rxa5 c3 55. Rc5 Ne4 56. Rc6+ Ke5 57. a5
Kf4 58. Kg2 Rd2+ 59. Kf1 Ra2 60. a6 Ke3 61. Be6 Ra1+ 62. Kg2 Ra5 63. Bf7
Rg5+ 64. Kh2 Ra5 65. Bg6 Ra2+ 66. Kg1 c2 67. a7 Rxa7 68. Rxc2 Rg7 69. Rg2
Ng3 70. Bc2 Ne2+ 71. Kh2 Rc7 72. Bd1 Nf4 73. Rc2 Rd7 74. Rc3+ Ke4 75. Bc2+
Ke5 76. Re3+ Kf6 77. Kg1 Rd2 78. Bb3 Kf5 79. Kf1 Nh5 80. Be6+ Kf4 81. Ra3
Ng3+ 82. Kg1 Rd1+ 83. Kg2 Rd2+ 84. Kg1 Ne2+ 85. Kf1 Nd4 86. Bg4 Rb2 87. Rc3
Ke4 88. Kg1 Nc2 89. Rc4+ Ke5 90. Rc5+ Kf4 91. Rf5+ Ke4 92. Rf2 Kd4 93. Kh2
Kc3 94. Rf3+ Kd4 95. Rf2 Kc3 96. Bf5 Ne3 97. Rxb2 Kxb2 98. Bc8 Kc3 99. Kg1
Kd4 100. Kf2 Nd5 101. Kf3 Ke5 102. Kg4 Nf4 103. Kxh4 Nxh3 104. Kxh3 1/2-1/2

[Event "GCT 2023 Saint Louis - Blitz"]
[Site "Saint Louis"]
[Date "18.11.2023"]
[Round "16B"]
[White "Caruana, Fabiano"]
[Black "Giri, Anish"]
[Result "1-0"]
[WhiteElo "2765"]
[BlackElo "2697"]
[EventDate "2023.11.17"]

1. e4 c5 2. Nf3 d6 3. Bb5+ Nd7 4. O-O a6 5. Bd3 Ngf6 6. Re1 e6 7. Bf1 b6 8.
d4 cxd4 9. Nxd4 Bb7 10. f3 Be7 11. c4 Rc8 12. Qd2 O-O 13. Nc3 Qc7 14. b3 b5
15. cxb5 Qxc3 16. Qxc3 Rxc3 17. bxa6 Ba8 18. a4 d5 19. Bb2 Rcc8 20. e5 Nh5
21. Bb5 Rfd8 22. Rac1 Rxc1 23. Rxc1 Nxe5 24. Nxe6 Nxf3+ 25. gxf3 fxe6 26.
Bd4 Bd6 27. a7 Nf4 28. Kf1 h5 29. Rc6 Be7 30. Rb6 Kf7 31. Rb8 g5 32. a5 g4
33. fxg4 hxg4 34. a6 e5 35. Bxe5 Ne6 36. b4 Bxb4 37. Bc7 Nxc7 38. Rxd8 Be7
39. Rc8 Bd6 40. Be2 Bxh2 41. Bxg4 Ke7 42. Rh8 Be5 43. Rg8 Kd6 44. Bc8 Kc6
45. Rg6+ Bd6 46. Bb7+ Kc5 47. Rg8 Kb6 48. Bxa8 Kxa7 49. Bb7 Nxa6 50. Bxa6
1-0

[Event "GCT 2023 Saint Louis - Blitz"]
[Site "Saint Louis"]
[Date "18.11.2023"]
[Round "16B"]
[White "Sevian, Samuel"]
[Black "Robson, Ray"]
[Result "0-1"]
[WhiteElo "2581"]
[BlackElo "2596"]
[EventDate "2023.11.17"]

1. e4 e5 2. Nf3 Nc6 3. Bb5 Nf6 4. d3 Bc5 5. Ba4 d6 6. c3 O-O 7. O-O Ne7 8.
h3 Ng6 9. d4 Bb6 10. Re1 c6 11. Nbd2 exd4 12. cxd4 d5 13. exd5 Nxd5 14. Bc2
Ba5 15. a3 Be6 16. Rxe6 fxe6 17. Ne4 Nf6 18. Neg5 Qe7 19. Ne5 Qe8 20. Nxh7
Nxe5 21. Nxf8 Nf7 22. Ng6 Rd8 23. Qf3 Bb6 24. Be3 Bxd4 25. Re1 Bxe3 26.
Qxe3 b6 27. Bb3 Kh7 28. Qg3 Nd5 29. Bc2 Kg8 30. Qh4 Rd6 31. Qg3 Rd8 32. Bf5
Rd6 33. Bg4 Nf6 34. Bd1 c5 35. Bb3 Nd5 36. h4 b5 37. h5 c4 38. Bd1 Rb6 39.
Bf3 Nf6 40. Rd1 e5 41. Be2 Re6 42. Qe3 a6 43. g4 Qc6 44. g5 Nd5 45. Qg3 Nf4
46. Bf3 Qc7 47. Qg4 Re8 48. Be4 Nd6 49. Nxf4 Nxe4 50. Nd5 Qf7 51. Qxe4 Qxh5
52. Ne3 Qxg5+ 53. Kf1 Rf8 54. Qd5+ Kh7 55. Qe4+ Kg8 56. Qg2 Qxe3 57. Qd5+
Kh7 58. Qh1+ Kg8 59. Qd5+ Kh7 60. Qh1+ Qh6 61. Qe4+ Kh8 62. Ke2 Qh5+ 63.
Ke1 Qf5 64. Qe3 Kg8 65. Rd5 Qb1+ 66. Rd1 Qxb2 67. Rd7 Qb1+ 68. Rd1 Qg6 69.
Rd7 Qg1+ 0-1

[Event "GCT 2023 Saint Louis - Blitz"]
[Site "Saint Louis"]
[Date "18.11.2023"]
[Round "16B"]
[White "Xiong, Jeffery"]
[Black "Nepomniachtchi, Ian"]
[Result "0-1"]
[WhiteElo "2727"]
[BlackElo "2789"]
[EventDate "2023.11.17"]

1. d4 f5 2. c4 Nf6 3. g3 g6 4. Bg2 Bg7 5. Nh3 O-O 6. O-O d6 7. d5 c6 8. Nc3
e5 9. dxe6 Bxe6 10. Qb3 Qe7 11. Ng5 Bc8 12. Bf4 h6 13. Bxd6 Qe8 14. c5+ Kh8
15. Bxf8 Qxf8 16. Nf7+ Kh7 17. Nd6 Na6 18. Qc4 Be6 19. Qxe6 Nxc5 20. Qc4
Qxd6 21. Rad1 Qe7 22. Rfe1 Rf8 23. b4 Ncd7 24. a4 Ng4 25. e3 h5 26. b5 Nde5
27. Qb3 h4 28. bxc6 bxc6 29. Ne2 Nxf2 30. Kxf2 Rb8 0-1

[Event "GCT 2023 Saint Louis - Blitz"]
[Site "Saint Louis"]
[Date "18.11.2023"]
[Round "16B"]
[White "Le, Quang Liem"]
[Black "Firouzja, Alireza"]
[Result "1-0"]
[WhiteElo "2652"]
[BlackElo "2742"]
[EventDate "2023.11.17"]

1. d4 Nf6 2. c4 g6 3. Nc3 Bg7 4. e4 d6 5. Nge2 O-O 6. Ng3 h5 7. Be2 e5 8.
d5 h4 9. Nf1 Nfd7 10. Be3 f5 11. f3 a5 12. Qd2 Nc5 13. O-O-O Nba6 14. Kb1
Nb4 15. Rg1 a4 16. Bxc5 dxc5 17. a3 Na6 18. Nxa4 fxe4 19. fxe4 b6 20. Nc3
Nb8 21. h3 Kh7 22. g3 Bh6 23. Qd3 Nd7 24. Bg4 Nf6 25. Bxc8 Rxc8 26. g4 Ne8
27. Nh2 Bf4 28. Nf3 g5 29. Ne2 Qe7 30. Rdf1 Nd6 31. Ne1 Kh6 32. Rf3 Rb8 33.
a4 Ra8 34. b3 Rae8 35. Rgf1 Qh7 36. Nc3 Re7 37. Ng2 Qg6 38. Ne3 Ref7 39.
Nf5+ Kh7 40. Kc2 Kh8 41. Ra1 Ra8 42. Rff1 Nb7 43. Nb5 Rd8 44. Qc3 Qf6 45.
Na7 Na5 46. Rad1 Rfd7 47. Nb5 Kh7 48. Rd3 Nc6 49. Kd1 Nd4 50. Nbxd4 cxd4
51. Qb4 Ra8 52. Ke2 c5 53. Qa3 Rda7 54. Ra1 Qd8 55. Rdd1 Qd7 56. Kd3 Kg6
57. Qb2 Ra6 58. Ra2 R6a7 59. Rda1 Kh7 60. b4 Rxa4 61. bxc5 Rxa2 62. Rxa2
Rxa2 63. Qxa2 bxc5 64. Qa6 Qc7 65. Qh6+ Kg8 66. Qg6+ Kf8 67. Qd6+ Qxd6 68.
Nxd6 Bc1 69. Nb7 Ba3 70. Na5 Ke7 71. Nc6+ Kd6 72. Kc2 Bb4 73. Nd8 Ke7 74.
Ne6 Kf6 75. Nc7 Ke7 76. Kb3 d3 77. Nb5 Kd7 78. Na7 d2 79. Kc2 Kd6 80. Nc6
Bc3 81. Nd8 Ke7 82. Ne6 1-0

[Event "GCT 2023 Saint Louis - Blitz"]
[Site "Saint Louis"]
[Date "18.11.2023"]
[Round "16B"]
[White "So, Wesley"]
[Black "Vachier-Lagrave, Maxime"]
[Result "1-0"]
[WhiteElo "2753"]
[BlackElo "2771"]
[EventDate "2023.11.17"]

1. d4 Nf6 2. Nf3 g6 3. g3 Bg7 4. Bg2 d5 5. O-O O-O 6. c4 c6 7. Qb3 a5 8.
cxd5 a4 9. Qd1 cxd5 10. Nc3 Ne4 11. e3 Nxc3 12. bxc3 Nc6 13. Rb1 Qc7 14.
Nd2 Rd8 15. Ba3 Bf5 16. Rb2 Bd3 17. Re1 e5 18. Bf1 Bxf1 19. Rxf1 Bf8 20.
Bxf8 Rxf8 21. Qe2 Na5 22. Rc1 exd4 23. exd4 Rfe8 24. Qb5 a3 25. Rb4 Nc6 26.
Qxb7 Qd6 27. Rb6 Rac8 28. Nf3 Rc7 29. Qa6 Qd7 30. Qxa3 Qf5 31. Qd6 Rce7 32.
Qf4 Qc8 33. Rcb1 Re2 34. R6b2 Rxb2 35. Rxb2 Qa6 36. Kg2 Qa3 37. Rb6 Qxc3
38. Qc7 Re6 39. Ne5 Rf6 40. Rxc6 Rxf2+ 41. Kxf2 Qd2+ 42. Kf3 Qd1+ 43. Ke3
Qe1+ 44. Kd3 Qd1+ 45. Kc3 Qc1+ 46. Kb3 1-0

[Event "GCT 2023 Saint Louis - Blitz"]
[Site "Saint Louis"]
[Date "18.11.2023"]
[Round "17B"]
[White "Firouzja, Alireza"]
[Black "Nepomniachtchi, Ian"]
[Result "1-0"]
[WhiteTitle "GM"]
[BlackTitle "GM"]
[WhiteElo "2777"]
[BlackElo "2771"]
[WhiteFideId "12573981"]
[BlackFideId "4168119"]
[EventDate "2023.11.17"]

1. c4 Nf6 2. Nf3 e6 3. g3 d5 4. Bg2 Be7 5. O-O O-O 6. d3 c5 7. cxd5 Nxd5 8. d4
cxd4 9. Nxd4 Nc6 10. Nc3 Nxc3 11. bxc3 Bd7 12. Rb1 Na5 13. Nb3 Bc6 14. Qxd8 Bxd8
15. Ba3 Re8 16. Nxa5 Bxa5 17. Bxc6 bxc6 18. c4 Red8 19. Rfd1 Rxd1+ 20. Rxd1 Rd8
21. Rb1 h5 22. Bc5 Rd2 23. Rb8+ Kh7 24. Rb7 Bb6 25. Bxb6 axb6 26. e3 Rc2 27.
Rxf7 Rxc4 28. Re7 Re4 29. Rd7 b5 30. Rd6 c5 31. Rc6 Re5 32. Kf1 Kg6 33. Ke2 Kf7
34. Rc7+ Kf6 35. f3 h4 36. f4 Rd5 37. e4 hxg3 38. hxg3 Rd4 39. Kf3 c4 40. e5+
Kg6 41. Re7 Rd3+ 42. Kg4 Ra3 43. Rxe6+ Kh7 44. Rb6 Ra5 45. e6 Kg6 46. f5+ Kf6
47. Rb7 c3 48. Rf7+ Ke5 49. e7 Ra8 50. Rf8 Kd5 1-0

[Event "GCT 2023 Saint Louis - Blitz"]
[Site "Saint Louis"]
[Date "18.11.2023"]
[Round "17B"]
[White "Vachier-Lagrave, Maxime"]
[Black "Sevian, Samuel"]
[Result "1/2-1/2"]
[WhiteTitle "GM"]
[BlackTitle "GM"]
[WhiteElo "2734"]
[BlackElo "2696"]
[WhiteFideId "623539"]
[BlackFideId "2040506"]
[EventDate "2023.11.17"]

1. e4 e5 2. Nf3 Nc6 3. Bb5 a6 4. Ba4 Nf6 5. d3 Bc5 6. Nc3 d6 7. Bxc6+ bxc6 8.
O-O O-O 9. Be3 Bxe3 10. fxe3 Qe7 11. Qe1 Rb8 12. b3 d5 13. exd5 cxd5 14. d4 exd4
15. exd4 Qd6 16. Ne5 c5 17. dxc5 Qxc5+ 18. Kh1 d4 19. Na4 Qd5 20. c4 dxc3 21.
Rd1 Qe4 22. Nxc3 Qxe1 23. Rfxe1 Bb7 24. Kg1 h5 25. Nc4 Rbd8 26. h3 g6 27. Rxd8
Rxd8 28. Re7 Rd7 29. Rxd7 Nxd7 30. g3 Kf8 31. Kf2 Ke7 32. Ke3 Ke6 33. Kd4 g5 34.
h4 gxh4 35. gxh4 Bh1 36. Ne2 Bf3 37. Nf4+ Kf5 38. Ke3 Bd1 39. Nd3 Nf8 40. Nf2
Bg4 41. Nd6+ Ke6 42. Nde4 Ke5 43. Nd3+ Kf5 44. Ng3+ Kf6 45. Nf4 Ke5 46. b4 Bd1
47. Nd3+ Kd5 48. Nf2 Bc2 49. Nxh5 Kc4 50. Kd2 Bg6 51. Nf6 Kxb4 52. h5 Bxh5 53.
Nxh5 Ka3 54. Kc3 Kxa2 55. Nd3 Ne6 56. Nf6 Ka3 57. Ne4 Nc7 58. Nec5 Nb5+ 59. Kc4
Nd6+ 60. Kc3 Nb5+ 61. Kc4 Nd6+ 62. Kc3 Nb5+ 1/2-1/2

[Event "GCT 2023 Saint Louis - Blitz"]
[Site "Saint Louis"]
[Date "18.11.2023"]
[Round "17B"]
[White "Robson, Ray"]
[Black "Caruana, Fabiano"]
[Result "1-0"]
[WhiteTitle "GM"]
[BlackTitle "GM"]
[WhiteElo "2696"]
[BlackElo "2795"]
[WhiteFideId "2023970"]
[BlackFideId "2020009"]
[EventDate "2023.11.17"]

1. d4 Nf6 2. c4 e6 3. Nf3 d5 4. g3 Be7 5. Bg2 O-O 6. Nc3 c6 7. b3 b6 8. O-O Ba6
9. Nd2 Nbd7 10. e4 dxc4 11. Nxc4 Rc8 12. Bf4 Re8 13. Re1 Bb4 14. Rc1 Bxc4 15.
bxc4 e5 16. dxe5 Nxe5 17. Qb3 Bc5 18. Red1 Qe7 19. Na4 Bd6 20. c5 bxc5 21. Qc3
c4 22. Bxe5 Bxe5 23. Qxc4 c5 24. Bh3 Rc7 25. f4 Bxf4 26. gxf4 Nh5 27. f5 Nf4 28.
Bf1 Rc6 29. Kh1 Rh6 30. Rc2 g6 31. Nc3 Rh4 32. Nd5 Nxd5 33. Qxd5 Rxe4 34. fxg6
hxg6 35. Qxc5 Qh4 36. Qf2 Qg5 37. Bg2 R4e7 38. Rf1 Qe5 39. Rc4 Qg5 40. Rc2 Qe5
41. Qg3 Qd4 42. Rcf2 Kg7 43. Qf4 Qxf4 44. Rxf4 Rd8 45. Kg1 f5 46. R4f2 Rd4 47.
Bf3 Kf6 48. Kg2 Re3 49. Rc2 Ra4 50. Bd5 Rg4+ 51. Kh1 Rd4 52. Bb3 Rd6 53. Rg2 a5
54. Rfg1 Kg7 55. Rg5 Re5 56. h4 Re4 57. h5 Rh4+ 58. Kg2 Rxh5 59. Rxh5 gxh5 60.
Kf3+ Kf6 61. Rd1 Rc6 62. Rd5 a4 63. Bd1 Rc3+ 64. Kf4 Rc4+ 65. Ke3 h4 66. Rd8 h3
67. Rh8 Rc3+ 68. Kf4 Ra3 69. Rh6+ Kg7 70. Rh4 Rxa2 71. Rxh3 Kg6 72. Rh8 a3 73.
Ra8 Ra1 74. Ra6+ Kg7 75. Bb3 Rf1+ 76. Kg5 Rg1+ 77. Kxf5 Rf1+ 78. Ke5 Re1+ 79.
Kd6 Ra1 80. Ke7 Re1+ 81. Be6 Re3 82. Kd6 Kf6 83. Bd5 Kf5 84. Ra4 Rc3 85. Be6+
Kf6 86. Rf4+ Kg5 87. Rf2 Rd3+ 88. Bd5 Kg4 89. Ke5 Kg3 90. Rg2+ Kh3 91. Be4 Rd8
92. Ra2 Kg4 93. Bf5+ Kg3 94. Rxa3+ Kf2 95. Kf4 Re8 96. Rh3 Ke2 97. Rh2+ Kd1 98.
Be4 Rg8 99. Ra2 Rh8 100. Ke3 Rh3+ 101. Bf3+ Kc1 102. Rf2 Kb1 103. Kd3 Rh8 104.
Be4 Rc8 105. Bd5 Rd8 106. Kc4 Rd7 107. Be4+ Kc1 108. Bd3 Rc7+ 109. Kd4 Rc8 110.
Bc4 Kd1 111. Kc3 Re8 1-0

[Event "GCT 2023 Saint Louis - Blitz"]
[Site "Saint Louis"]
[Date "18.11.2023"]
[Round "17B"]
[White "So, Wesley"]
[Black "Xiong, Jeffery"]
[Result "1/2-1/2"]
[WhiteTitle "GM"]
[BlackTitle "GM"]
[WhiteElo "2752"]
[BlackElo "2681"]
[WhiteFideId "5202213"]
[BlackFideId "2047640"]
[EventDate "2023.11.17"]

1. e4 e5 2. Nf3 Nf6 3. Nc3 Nc6 4. Bb5 Bb4 5. O-O O-O 6. d3 Bxc3 7. bxc3 d6 8.
Re1 Bd7 9. d4 Re8 10. Bxc6 Bxc6 11. d5 Bb5 12. Bg5 h6 13. Bh4 c6 14. Rb1 a6 15.
Rb4 Rc8 16. Qd2 cxd5 17. exd5 Rc5 18. a4 Bc4 19. Rxb7 Bxd5 20. Rb4 Bxf3 21. gxf3
g5 22. Bg3 Nd5 23. Rb3 Qf6 24. Rd1 Re6 25. c4 Ne7 26. Qd3 Nf5 27. Rb6 Ra5 28. c5
Rxc5 29. Rxa6 Nd4 30. Kg2 Rxc2 31. a5 Ra2 32. Qe4 d5 33. Ra8+ Kg7 34. Qxd5 Ra3
35. a6 Qxf3+ 36. Qxf3 Nxf3 37. a7 g4 38. h3 h5 39. hxg4 hxg4 40. Rdd8 Kf6 41.
Rg8 Kf5 42. Rg7 Re7 43. Rxg4 Kxg4 44. Rg8+ Kf5 45. a8=Q Rxa8 46. Rxa8 Nd4 47.
Ra5 f6 48. f4 Nc6 49. Rc5 Re6 50. fxe5 fxe5 51. Kf3 Rd6 52. Ke3 Ke6 53. Ke4 Rd4+
54. Ke3 Rd6 55. Ke4 Rd4+ 56. Ke3 Rd6 57. Ke4 1/2-1/2

[Event "GCT 2023 Saint Louis - Blitz"]
[Site "Saint Louis"]
[Date "18.11.2023"]
[Round "17B"]
[White "Giri, Anish"]
[Black "Le, Quang Liem"]
[Result "1/2-1/2"]
[WhiteTitle "GM"]
[BlackTitle "GM"]
[WhiteElo "2752"]
[BlackElo "2731"]
[WhiteFideId "24116068"]
[BlackFideId "12401137"]
[EventDate "2023.11.17"]

1. d4 Nf6 2. c4 e6 3. Nf3 d5 4. Nc3 Nbd7 5. Bg5 Be7 6. e3 O-O 7. Qc2 h6 8. Bh4
c5 9. cxd5 Nxd5 10. Bxe7 Nxe7 11. dxc5 Nxc5 12. Be2 Qb6 13. O-O Bd7 14. Ne5 Rfd8
15. Nxd7 Rxd7 16. Rfd1 Rc8 17. Rac1 Rdc7 18. Bf3 Nd7 19. Qd2 Qa5 20. Rb1 Nb6 21.
Be2 Ned5 22. Nxd5 Qxd5 23. Qxd5 Nxd5 24. a3 Kf8 25. Kf1 Ke7 26. h4 g5 27. hxg5
hxg5 28. Bd3 Nb6 29. Ke2 Nd7 30. Rd2 Ne5 31. Rbd1 g4 32. Bb1 Rh8 33. Rc2 Rxc2+
34. Bxc2 f5 35. Bb3 Rh2 36. Rg1 b6 37. Ba2 a5 38. Bb3 Nd7 39. Ba4 Nc5 40. Bb5
Kf6 41. Bc6 Ke5 42. g3 Rh7 43. Rc1 Rc7 44. Bb5 Kd6 45. Rd1+ Ke7 46. Rc1 Ra7 47.
Rh1 Kd6 48. Rh8 Rc7 49. Rb8 Rb7 50. Rc8 Rc7 51. Rb8 Rb7 52. Rc8 Rc7 1/2-1/2

[Event "GCT 2023 Saint Louis - Blitz"]
[Site "Saint Louis"]
[Date "18.11.2023"]
[Round "18B"]
[White "Le, Quang Liem"]
[Black "Robson, Ray"]
[Result "1-0"]
[WhiteTitle "GM"]
[BlackTitle "GM"]
[WhiteElo "2731"]
[BlackElo "2696"]
[WhiteFideId "12401137"]
[BlackFideId "2023970"]
[EventDate "2023.11.17"]

1. d4 Nf6 2. c4 e6 3. Nf3 d5 4. Nc3 Bb4 5. e3 O-O 6. Bd2 Re8 7. Rc1 c5 8. a3
Bxc3 9. Bxc3 cxd4 10. Bxd4 Nc6 11. cxd5 Nxd5 12. Bc4 Nxd4 13. Nxd4 e5 14. Nf3
Be6 15. O-O f6 16. Qb3 Qb6 17. Rfd1 Qxb3 18. Bxb3 Rad8 19. h4 Kf7 20. Rc5 Ne7
21. Rxd8 Rxd8 22. Bxe6+ Kxe6 23. Kf1 Rc8 24. Rxc8 Nxc8 25. e4 Nd6 26. Nd2 h5 27.
Ke2 g5 28. Kd3 b5 29. b3 g4 30. Nf1 f5 31. f3 fxe4+ 32. fxe4 Kf6 33. Ng3 Kg6 34.
Ne2 Kf6 35. a4 bxa4 36. bxa4 a6 37. Ng3 Kg6 38. Kc3 a5 39. Kd3 Kh6 40. Nf5+ Nxf5
41. exf5 Kg7 42. Ke4 Kf6 43. g3 1-0